00311nas a22001097a 4500008004100000022001400041245002800055260008000083300000900163546001600172650001300188130219t19939999bl ||||| |||| 00| 0 por d a0104-0804 aCuadernos de Bioética aMinas Gerais:bPontifícia Universidade Católica de Minas Gerais, c1993 av. : aportugués aBIOETICA